LEADER 01297nam 2200337 450 001 9910440022803321 005 20231209100049.0 010 $a1-5044-6978-X 024 7 $a10.1109/IEEESTD.2021.9353434 035 $a(CKB)4100000011763373 035 $a(NjHacI)994100000011763373 035 $a(EXLCZ)994100000011763373 100 $a20231209d2021 uy 0 101 0 $aeng 135 $aur||||||||||| 181 $ctxt$2rdacontent 182 $cc$2rdamedia 183 $acr$2rdacarrier 200 10$a952-2020 $eIEEE standard for specifying and testing single-axis interferometric fiber optic gyros /$fInstitute of Electrical and Electronics Engineers 210 1$aNew York, New York :$cIEEE,$d2021. 215 $a1 online resource (93 pages) 330 $aSpecification and test procedures for a single-axis interferometric fiber optic gyro (IFOG) for use as a sensor in attitude control systems, angular displacement measuring systems, and angular rate measuring systems are defined. The test procedures are derived from those presently used in the industry. 606 $aGyroscopes 615 0$aGyroscopes. 676 $a681.753 801 0$bNjHacI 801 1$bNjHacl 906 $aDOCUMENT 912 $a9910440022803321 996 $a952-2020$93651650 997 $aUNINA LEADER 01361nam 2200493 450 001 9910797539103321 005 20230807193111.0 010 $a1-5040-2258-0 035 $a(CKB)3710000000471475 035 $a(SSID)ssj0001607764 035 $a(PQKBManifestationID)16317375 035 $a(PQKBTitleCode)TC0001607764 035 $a(PQKBWorkID)14895578 035 $a(PQKB)11105917 035 $a(MiAaPQ)EBC4749312 035 $a(Au-PeEL)EBL4749312 035 $a(CaPaEBR)ebr11306668 035 $a(CaONFJC)MIL826949 035 $a(OCoLC)919873255 035 $a(EXLCZ)993710000000471475 100 $a20161209h20152015 uy 1 101 0 $aeng 135 $aurcnu|||||||| 181 $ctxt 182 $cc 183 $acr 200 10$aManalive /$fG. K. Chesterton 210 1$aNew York, New York :$cOpen Road Integrated Media,$d2015. 210 4$dİ2015 215 $a1 online resource (119 pages) 300 $aBibliographic Level Mode of Issuance: Monograph 606 $aAttempted murder$vFiction 606 $aAttempted murder 615 0$aAttempted murder 615 0$aAttempted murder. 676 $a813.54 700 $aChesterton$b G. K.$0545406 801 0$bMiAaPQ 801 1$bMiAaPQ 801 2$bMiAaPQ 906 $aBOOK 912 $a9910797539103321 996 $aManalive$92689687 997 $aUNINA